El inicio de la sabiduría /

Bibliographic Details
Main Author: Gadamer, Hans Georg. 1900-2002 (autor)
Format: Kit
Language:Spanish
Published: Barcelona: Paidós, 2001.
Edition:Primera edición
Series:Paidós studio, n° 147
Subjects:

MARC

LEADER 00000cac a2200000 i 4500
003 Ucuenca
005 20240403062712.0
007 ta
008 002080|2001 sp |||||r|||||||||||spa||
020 |a 8449310253 
040 |b spa  |a UCuenca-cdrjbv  |c UCuenca  |e rda 
041 1 |a spa 
082 0 |2 21  |a 180  |c 47792 
100 1 |a Gadamer, Hans Georg.  |d 1900-2002  |9 213583  |e autor 
245 1 3 |a El inicio de la sabiduría /   |c Hans-Georg Gadamer. 
250 |a Primera edición 
264 1 |a Barcelona:   |b Paidós,   |c 2001. 
300 |a 148 páginas:  |c 20 cm 
336 |2 rdacontent  |a texto  |b txt 
337 |2 rdamedia  |a no mediado  |b n 
338 |2 rdacarrier  |a volumen  |b nc 
490 0 |a Paidós studio,   |v n° 147 
650 1 0 |a Cosmología  |9 14435 
650 1 4 |a Filosofía  |9 8018 
650 1 4 |a Ética  |9 4776 
651 |2 UCuenca-cdrjbv 
773 |g 148 páginas: 
852 |a UC-CDJBV 
942 |c CR  |2 ddc  |r luz.vázquez@ucuenca.edu.ec 
999 |c 118019  |d 118019